| Tag |
First Indicator |
Second Indicator |
Subfields |
| LEADER |
00000cam a2200000 a 4500 |
| 001 |
in00000088211 |
| 005 |
20151008065057.0 |
| 008 |
811128s1981 txuaf b 00010beng |
| 010 |
|
|
|a 81181458
|
| 020 |
|
|
|a 0890152829
|
| 035 |
|
|
|a (OCoLC)07523809
|
| 035 |
|
|
|9 AAK5313AM
|
| 039 |
0 |
|
|a 2
|b 3
|c 3
|d 3
|e 3
|
| 040 |
|
|
|a DLC
|c DLC
|d TXA
|d UtOrBLW
|
| 043 |
|
|
|a n-us-tx
|a n-us-ok
|
| 049 |
|
|
|a TXAM
|c [1561154]
|
| 050 |
0 |
0 |
|a F391.H82
|b T86
|
| 082 |
0 |
|
|a 976.6/04/0924
|a B
|2 19
|
| 100 |
1 |
|
|a Tune, Bernice.
|
| 245 |
1 |
0 |
|a Golden heritage and silver tongue of Temple Lea Houston /
|c by Bernice Tune.
|
| 250 |
|
|
|a 1st ed.
|
| 264 |
|
1 |
|a Burnet, Tex. :
|b Eakin Press,
|c [1981]
|
| 264 |
|
4 |
|c ©1981
|
| 300 |
|
|
|a ix, 168 pages, 1 unnumbered leaf of plates :
|b illustrations ;
|c 23 cm.
|
| 336 |
|
|
|a text
|b txt
|2 rdacontent
|
| 337 |
|
|
|a unmediated
|b n
|2 rdamedia
|
| 338 |
|
|
|a volume
|b nc
|2 rdacarrier
|
| 500 |
|
|
|a Title on spine: Temple Lea Houston.
|
| 504 |
|
|
|a Includes bibliographical references.
|
| 600 |
1 |
0 |
|a Houston, Temple Lea,
|d 1860-1905.
|
| 610 |
1 |
0 |
|a Texas.
|b Legislature.
|b Senate
|x Biography.
|
| 650 |
|
0 |
|a Frontier and pioneer life
|z Texas.
|
| 650 |
|
0 |
|a Frontier and pioneer life
|z Oklahoma.
|
| 650 |
|
0 |
|a Legislators
|z Texas
|x Biography.
|
| 651 |
|
0 |
|a Texas
|x History
|y 1846-1950.
|
| 740 |
0 |
|
|a Temple Lea Houston.
|
| 999 |
|
|
|a MARS
|
| 999 |
f |
f |
|s 8a67538f-edf6-3208-b4b6-709cf048b210
|i 83c53dbe-b6a4-30db-bacd-468b2c5a846f
|t 0
|
| 952 |
f |
f |
|p ric
|a Texas A&M University
|b Rellis Campus
|c Joint Library Facility
|d Remote Storage
|t 0
|e F391.H82 T86
|h Library of Congress classification
|i unmediated -- volume
|m A14806109590
|
| 998 |
f |
f |
|a F391.H82 T86
|t 0
|l Remote Storage
|